000 00202 a2200097 4500
001 11972
100 _aCapalombar, J.
245 _aPolitical parties
260 _a
_bNew Jersey
_c
090 _c9225
_d9225
942 _aNUST-CAE
_cM
_c36073
999 _c247045
_d247045